[Event "Leipzig VfB op 25th"]
[Site "Leipzig"]
[Date "2018.03.23"]
[Round "6"]
[White "Herfurth, Thomas"]
[Black "Riedel, Bert"]
[Result "1/2-1/2"]
[WhiteElo "1815"]
[BlackElo "1879"]
[PlyCount "72"]
[EventDate "2018.03.20"]
[EventType "swiss"]
[EventRounds "9"]
[EventCountry "GER"]
[SourceTitle "CBM 183 Extra"]
[Source "ChessBase"]
[SourceDate "2018.04.19"]
[SourceVersion "1"]
[SourceVersionDate "2018.04.19"]
[SourceQuality "1"]

1. Nc3 c5 2. e4 a6 3. f4 b5 4. Nf3 Bb7 5. d3 e6 6. Be3 Nf6 7. h3 d5 8. exd5 exd5 9. Bf2 Be7 10. g3 d4 11. Nb1 0-0 12. Bg2 Re8 13. 0-0 Nbd7 14. Nh2 Bxg2 15. Kxg2 Nb6 16. Qf3 Qd5 17. Nd2 Bd6 18. a3 Re2 19. Rfd1 Rae8 20. Nhf1 h5 21. Re1 Rxe1 22. Rxe1 Rxe1 23. Qxd5 Nbxd5 24. Bxe1 h4 25. Ne4 Be7 26. Nxf6+ Bxf6 27. Bd2 hxg3 28. Kxg3 c4 29. Kf3 c3 30. bxc3 dxc3 31. Bc1 Kf8 32. Ke4 Ne7 33. Ne3 Ke8 34. Nd5 Nxd5 35. Kxd5 Kd7 36. Be3 g6 1/2-1/2

[Event "Leipzig VfB op 25th"]
[Site "Leipzig"]
[Date "2018.03.20"]
[Round "1"]
[White "Michalczak, Thomas"]
[Black "Riedel, Bert"]
[Result "1-0"]
[WhiteElo "2323"]
[BlackElo "1879"]
[PlyCount "65"]
[EventDate "2018.03.20"]
[EventType "swiss"]
[EventRounds "9"]
[EventCountry "GER"]
[SourceTitle "CBM 183 Extra"]
[Source "ChessBase"]
[SourceDate "2018.04.19"]
[SourceVersion "1"]
[SourceVersionDate "2018.04.19"]
[SourceQuality "1"]

1. e4 c5 2. Nf3 d6 3. d4 cxd4 4. Nxd4 Nf6 5. Nc3 a6 6. f3 g6 7. Be3 e5 8. Nb3 b5 9. a4 b4 10. Nd5 Nbd7 11. Nxb4 Bb7 12. Qd2 d5 13. Nxd5 Nxd5 14. exd5 Rb8 15. Na5 Qh4+ 16. g3 Qb4 17. c4 Ba8 18. Ra2 Bc5 19. Qxb4 Rxb4 20. Bd2 Rb6 21. Bd3 f5 22. Ke2 Kf7 23. Rb1 Rhb8 24. Bc3 Bb4 25. Bxb4 Rxb4 26. Kd2 Nc5 27. Bc2 Kf6 28. Kc3 g5 29. b3 h6 30. Re1 R4b6 31. Raa1 Nd7 32. Rad1 Rb4 33. Nc6 1-0

[Event "Leipzig VfB op 24th"]
[Site "Leipzig"]
[Date "2017.03.21"]
[Round "1"]
[White "Schwass, Torsten"]
[Black "Riedel, Bert"]
[Result "1/2-1/2"]
[WhiteElo "1458"]
[BlackElo "1919"]
[PlyCount "47"]
[EventDate "2017.03.21"]
[EventType "swiss"]
[EventRounds "9"]
[EventCountry "GER"]
[SourceTitle "EXT 2018"]
[Source "ChessBase"]
[SourceDate "2017.10.13"]
[SourceVersion "1"]
[SourceVersionDate "2017.10.13"]
[SourceQuality "1"]

1. d4 e6 2. c4 f5 3. g3 Nf6 4. Bg2 d5 5. b3 c6 6. Nf3 Bd6 7. 0-0 Qe7 8. Nc3 0-0 9. Bg5 Nbd7 10. Qc1 h6 11. Bd2 Ne4 12. Nxe4 fxe4 13. c5 Bc7 14. Nh4 Qf6 15. Bh3 e5 16. f3 e3 17. Bxe3 exd4 18. Bf2 Ba5 19. Be1 Bc3 20. Bxc3 dxc3 21. Qe3 g5 22. Nf5 Nb8 23. Ne7+ Kf7 24. Nxc8 1/2-1/2

[Event "Leipzig VfB op 21st"]
[Site "Leipzig"]
[Date "2014.03.08"]
[Round "9"]
[White "Weigert, Wilhelm"]
[Black "Riedel, Bert"]
[Result "0-1"]
[WhiteElo "2047"]
[BlackElo "1890"]
[PlyCount "110"]
[EventDate "2014.03.04"]
[EventType "tourn"]
[EventRounds "9"]
[EventCountry "GER"]
[SourceTitle "CBM 159 Extra"]
[Source "ChessBase"]
[SourceDate "2014.04.24"]
[SourceVersion "1"]
[SourceVersionDate "2014.04.24"]
[SourceQuality "1"]

1. Nf3 c5 2. c4 e6 3. g3 b6 4. Bg2 Bb7 5. 0-0 Nf6 6. d3 d6 7. a3 Be7 8. b4 Nbd7 9. Bb2 Qc7 10. Nc3 a6 11. Rc1 0-0 12. bxc5 bxc5 13. Qd2 Bc6 14. e4 Rab8 15. Rb1 Rb3 16. Qc2 Rfb8 17. Nd2 R3b7 18. Ba1 Ne8 19. Rxb7 Rxb7 20. f4 Bf6 21. Nf3 Qa5 22. a4 Bxc3 23. Bxc3 Qxa4 24. Qd2 Qb3 25. Ra1 Nc7 26. Bh3 d5 27. exd5 exd5 28. Ne5 Nxe5 29. Bxe5 d4 30. f5 Ne8 31. g4 Re7 32. Bf4 Bf3 33. Re1 Rxe1+ 34. Qxe1 Qd1 35. Kf2 Qxe1+ 36. Kxe1 h6 37. Kf2 Bc6 38. Bc1 Nf6 39. Ba3 Nd7 40. Bf1 f6 41. Kg3 Kf7 42. h4 Ke7 43. Kf4 Kd6 44. g5 hxg5+ 45. hxg5 Ne5 46. Bc1 Ba4 47. Ke4 Bc2 48. gxf6 gxf6 49. Bd2 Bd1 50. Ba5 Nc6 51. Bd2 a5 52. Bf4+ Ne5 53. Bc1 a4 54. Kf4 Nf3 55. Kg3 Ne1 0-1

[Event "Leipzig VfB op 21st"]
[Site "Leipzig"]
[Date "2014.03.05"]
[Round "2"]
[White "Riedel, Bert"]
[Black "Huelle, Gunter"]
[Result "1-0"]
[WhiteElo "1890"]
[BlackElo "1726"]
[PlyCount "97"]
[EventDate "2014.03.04"]
[EventType "tourn"]
[EventRounds "9"]
[EventCountry "GER"]
[SourceTitle "CBM 159 Extra"]
[Source "ChessBase"]
[SourceDate "2014.04.24"]
[SourceVersion "1"]
[SourceVersionDate "2014.04.24"]
[SourceQuality "1"]

1. Nf3 Nf6 2. d4 g6 3. Bg5 Bg7 4. Nbd2 h6 5. Bh4 d6 6. e4 c6 7. Bd3 Qc7 8. 0-0 e5 9. dxe5 dxe5 10. Bg3 Nh5 11. a4 Nxg3 12. hxg3 Bg4 13. Nc4 0-0 14. Ne3 Be6 15. Qe2 a5 16. c3 Na6 17. Bc4 Qe7 18. Bxe6 Qxe6 19. Qc4 Nc7 20. Rfd1 Rfd8 21. Rxd8+ Rxd8 22. Qxe6 Nxe6 23. Nc4 Nc5 24. Nxa5 Nxe4 25. Nc4 f6 26. Kf1 Kf7 27. Ke2 Bf8 28. Nfd2 Nxd2 29. Nxd2 f5 30. f3 Ke6 31. b4 Ra8 32. Nb3 Kd5 33. Nd2 b5 34. a5 c5 35. Rb1 Bd6 36. Kd3 c4+ 37. Ke2 e4 38. Rd1 Ke5 39. fxe4 fxe4 40. Ke3 Ke6 41. Nxe4 Be7 42. g4 Ra7 43. Kf4 g5+ 44. Kf3 Ke5 45. Re1 Kd5 46. Ng3 Bf6 47. Rd1+ Ke6 48. Ne2 Rf7 49. Ke4 1-0

[Event "Leipzig VfB op 20th"]
[Site "Leipzig"]
[Date "2013.03.07"]
[Round "4"]
[White "Riedel, Bert"]
[Black "Van Dyk, Dietmar"]
[Result "1-0"]
[WhiteElo "1881"]
[BlackElo "1483"]
[PlyCount "81"]
[EventDate "2013.03.05"]
[EventType "swiss"]
[EventRounds "9"]
[EventCountry "GER"]
[SourceTitle "EXT 2014"]
[Source "ChessBase"]
[SourceDate "2013.11.20"]
[SourceVersion "1"]
[SourceVersionDate "2013.11.20"]
[SourceQuality "1"]

1. Nf3 d5 2. d4 Nf6 3. e3 e6 4. Bd3 Be7 5. b3 0-0 6. Bb2 Nbd7 7. Nbd2 h6 8. Ne5 b6 9. f4 Bb7 10. Qf3 Re8 11. 0-0 Bb4 12. c3 Be7 13. f5 exf5 14. Qxf5 Rf8 15. Rf3 Nxe5 16. dxe5 Bc8 17. Qf4 Nh5 18. Qa4 Bd7 19. Bb5 c6 20. Bxc6 Bxc6 21. Qxc6 g6 22. Qb5 a6 23. Qe2 b5 24. e4 Bc5+ 25. Kh1 d4 26. Raf1 dxc3 27. Bxc3 Qe7 28. Rd3 Rad8 29. Rd5 b4 30. Ba1 a5 31. Nc4 Qc7 32. Qg4 Ng7 33. Rfd1 Ne6 34. Bb2 Kh7 35. Nd6 Kg8 36. R5d3 Kh7 37. Qh4 Ng5 38. Bc1 Qe7 39. Rd5 Bxd6 40. exd6 Qxe4 41. Bxg5 1-0

[Event "Leipzig VfB op 19th"]
[Site "Leipzig"]
[Date "2012.03.10"]
[Round "8"]
[White "Riedel, Bert"]
[Black "Just, Joachim"]
[Result "0-1"]
[WhiteElo "1840"]
[BlackElo "2030"]
[PlyCount "46"]
[EventDate "2012.03.06"]
[EventType "swiss"]
[EventRounds "9"]
[EventCountry "GER"]
[SourceTitle "CBM 147 Extra"]
[Source "ChessBase"]
[SourceDate "2012.04.24"]
[SourceVersion "1"]
[SourceVersionDate "2012.04.24"]
[SourceQuality "1"]

1. b3 Nf6 2. c4 g6 3. Bb2 Bg7 4. Qc2 Nc6 5. a3 e5 6. e3 0-0 7. d3 d5 8. cxd5 Nxd5 9. Be2 Be6 10. Nd2 f5 11. Ngf3 Qe7 12. 0-0 f4 13. e4 Nb6 14. Nc4 Bf7 15. Rac1 Rad8 16. Qb1 Nxc4 17. dxc4 Nd4 18. Nxd4 exd4 19. Rfd1 c5 20. f3 Rfe8 21. Rd3 a5 22. Rcd1 Qh4 23. Bc3 dxc3 0-1

[Event "Leipzig VfB op 19th"]
[Site "Leipzig"]
[Date "2012.03.06"]
[Round "1"]
[White "Roemling, Sven"]
[Black "Riedel, Bert"]
[Result "1-0"]
[WhiteElo "2160"]
[BlackElo "1840"]
[PlyCount "97"]
[EventDate "2012.03.06"]
[EventType "swiss"]
[EventRounds "9"]
[EventCountry "GER"]
[SourceTitle "CBM 147 Extra"]
[Source "ChessBase"]
[SourceDate "2012.04.24"]
[SourceVersion "1"]
[SourceVersionDate "2012.04.24"]
[SourceQuality "1"]

1. e4 d5 2. exd5 Qxd5 3. Nf3 Nf6 4. d4 a6 5. Be2 e6 6. c4 Qd8 7. 0-0 Be7 8. Nc3 0-0 9. Bg5 Nbd7 10. Re1 c6 11. Qc2 Nd5 12. cxd5 Bxg5 13. Bd3 exd5 14. Bxh7+ Kh8 15. Bf5 Bf4 16. g3 Bd6 17. Re3 Qf6 18. h4 Qh6 19. Rae1 g6 20. Bd3 Nf6 21. Ng5 Bd7 22. Na4 Bb4 23. Rf1 Rae8 24. Rxe8 Bxe8 25. Qb3 Bd2 26. Nf3 b5 27. Nc5 a5 28. Nxd2 Qxd2 29. Rd1 Qh6 30. Re1 g5 31. hxg5 Qxg5 32. Re5 Qc1+ 33. Bf1 Kg7 34. Qf3 Rh8 35. Nd3 Qh6 36. Bg2 Bd7 37. Nf4 Bg4 38. Qe3 Ne4 39. Bxe4 dxe4 40. Qxe4 Qh2+ 41. Kf1 Bh3+ 42. Ke2 Bg4+ 43. Ke3 Qh6 44. f3 Qh1 45. Ne2 Qh6+ 46. Kd3 Be6 47. Nf4 Bc4+ 48. Kc3 Bxa2 49. Nh5+ 1-0

[Event "Leipzig VfB op 16th"]
[Site "Leipzig"]
[Date "2009.04.01"]
[Round "3"]
[White "Riedel, Bert"]
[Black "Wolter, Uwe"]
[Result "1-0"]
[WhiteElo "1850"]
[BlackElo "1389"]
[PlyCount "37"]
[EventDate "2009.03.31"]
[EventType "swiss"]
[EventRounds "9"]
[EventCountry "GER"]
[SourceTitle "EXT 2010"]
[Source "ChessBase"]
[SourceDate "2010.11.25"]
[SourceVersion "1"]
[SourceVersionDate "2010.11.25"]
[SourceQuality "1"]

1. d4 Nf6 2. Nf3 e6 3. Bg5 Be7 4. e3 d5 5. Nbd2 0-0 6. Bd3 Nbd7 7. Ne5 c5 8. c3 Nxe5 9. dxe5 Nd7 10. Bf4 b6 11. h4 Re8 12. Nf3 Bb7 13. Bxh7+ Kxh7 14. Ng5+ Kg8 15. Qh5 Nf8 16. Qxf7+ Kh8 17. Nxe6 Nxe6 18. Qxe6 Bf6 19. Qf7 1-0